ARRUPE JESUIT UNIVERSITY

CORONAVIRUS -STOP THE SPREAD - CLEAN,DISINFECT,COVER

Genesis (Record no. 121191)

MARC details
000 -LEADER
fixed length control field 00389nam a22001337a 4500
005 - DATE AND TIME OF LATEST TRANSACTION
control field 20141106145324.0
008 - FIXED-LENGTH DATA ELEMENTS--GENERAL INFORMATION
fixed length control field 141106b xxu||||| |||| 00| 0 eng d
050 ## - LIBRARY OF CONGRESS CALL NUMBER
Classification number BS1235.3
Item number R418 2010
100 ## - MAIN ENTRY--PERSONAL NAME
Personal name Reno, R.R.
9 (RLIN) 12457
245 ## - TITLE STATEMENT
Title Genesis
Remainder of title SCM theological commentary on the bible
Statement of responsibility, etc Reno, R.R.
260 ## - PUBLICATION, DISTRIBUTION, ETC. (IMPRINT)
Place of publication, distribution, etc London
Name of publisher, distributor, etc SCM Press
Date of publication, distribution, etc 2010
300 ## - PHYSICAL DESCRIPTION
Extent 304cm. ;
Dimensions 24cm.
942 ## - ADDED ENTRY ELEMENTS (KOHA)
Source of classification or shelving scheme Library of Congress Classification
Item type Monograph ( Printed materials)
Holdings
Withdrawn status Lost status Source of classification or shelving scheme Damaged status Not for loan Collection code Home library Current library Shelving location Date acquired Total Checkouts Full call number Barcode Date last seen Price effective from Koha item type
    Library of Congress Classification     Main Collection ARRUPE LIBRARY ARRUPE LIBRARY Main Collection 06/11/2014   BS1235.3 R418 2010 46500001256 06/11/2014 06/11/2014 Monograph ( Printed materials)

 

Arrupe Library. PO Box MP320 Mt Pleasant, Harare, Zimbabwe
263 242 745411|librarian@aju.ac.zw